000 00616nam a2200205 i 4500
001 bg
100 1 _aRUTKOWSKI, Lucjan
245 1 0 _aKlucz do oznaczania roślin naczyniowych Polski niżowej /
_cLucjan Rutkowski.
260 _aWarszawa :
_bWydaw. Naukowe PWN,
_c1998.
300 _a812, [4] s. :
_brys. ;
_c21 cm.
504 _aBibliogr. s. 648-650. - Indeksy.
650 9 _aRośliny naczyniowe
_xsystematyka
_zPolska
020 _a8301122188
040 _cBPK
041 0 _apl
080 _a582.35+582.4](438)(083.44)
920 _a83-01-12218-8
942 _cKS
008 s pl f |000 0 pol
999 _c37015
_d37015
856 _uhttp://koha.tu.koszalin.pl/cgi-bin/koha/opac-detail.pl?biblionumber=37015
_yKatalog online BPK